Name Every Current WWE Female Superstar - Statistics

General Stats
  • This quiz has been taken 23 times
  • The average score is 25 of 69
Answer Stats
Answer % Correct
Alexa Bliss
89%
Becky Lynch
89%
Charlotte Flair
89%
Asuka
84%
Nia Jax
84%
Nikki Bella
84%
Bianca Belair
79%
Liv Morgan
79%
Rhea Ripley
79%
Iyo Sky
74%
AJ Lee
68%
Chelsea Green
68%
Bayley
63%
Kairi Sane
63%
Raquel Rodriguez
63%
Roxanne Perez
63%
Alba Fyre
58%
Naomi
58%
Piper Niven
58%
Stephanie Vaquer
58%
Tiffany Stratton
58%
Jade Cargill
53%
Lash Legend
53%
Zelina Vega
53%
Blake Monroe
47%
Giulia
47%
Kiana James
47%
Nikki Cross
42%
Jordynne Grace
37%
Lola Vice
37%
Lyr Valkyria
37%
Natalya
37%
Sol Ruca
37%
Arianna Grace
32%
Jaida Parker
32%
Maxxine Dupri
32%
Thea Hail
32%
Fallon Henley
26%
Ivy Nile
26%
Michin
26%
Tamina
26%
Zaria
26%
Candice LeRae
21%
Izzi Dame
21%
Jacy Jayne
21%
Kelani Jordan
21%
Zoey Stark
21%
Karmen Petrovic
16%
Kendal Grey
16%
Stephanie McMahon
16%
Tatum Paxley
16%
Wren Sinclair
16%
B-Fab
11%
Nikkita Lyons
11%
Tyra Mae Steele
11%
Alicia Taylor
5%
Ava
5%
Lainey Reid
5%
Maryse
5%
Wendy Choo
5%
Adriano Rizzo
0%
Brinley Reece
0%
Carlee Bright
0%
Cathy Kelley
0%
Jackie Redmond
0%
Kelly Kincaid
0%
Lilian Garcia
0%
Megan Morant
0%
Sarah Schreiber
0%
No matching quizzes found
Score Distribution
Percent of People with Each Score
Percentile by Number Answered
Your Score History
You have not taken this quiz